000 00533nam a2200229Ia 4500
003 OSt
005 20221005121920.0
006 a|||||r|||| 00| 0
007 ta
008 221004b |||||||| |||| 00| 0 eng d
024 _a31856
037 _cTextual
040 _aCRL
_cCRL
_beng
041 _2eng
_aeng
082 _a82:N53, J3
245 0 _aIndia at a glance .1953
260 _c1953
300 _a1888
_ccm.
650 _aBIBLIOGRAPHY
942 _h82:N53, J3
_cTEXL
_2cc
999 _c1042674
_d1042674